Project video 1 : activity book /
Communication. My world. An English city. Time. People at work. Animals. Health. Space.
Đã lưu trong:
| Tác giả chính: | |
|---|---|
| Định dạng: | Sách |
| Ngôn ngữ: | English |
| Được phát hành: |
Oxford :
Oxford University Press,
1989.
|
| Những chủ đề: | |
| Các nhãn: |
Thêm thẻ
Không có thẻ, Là người đầu tiên thẻ bản ghi này!
|
| Thư viện lưu trữ: | Mạng thư viện Đại học Đà Nẵng |
|---|
| LEADER | 00940cam a2200325 i 4500 | ||
|---|---|---|---|
| 001 | 000047651 | ||
| 003 | 7341 | ||
| 005 | 20030313091636.0 | ||
| 008 | 010326|1989 vm 000 eng | ||
| 020 | |a 0194584135 | ||
| 040 | |a IRC |c IRC |d IRC | ||
| 041 | 0 | |a eng | |
| 082 | 1 | 4 | |a 428.6 |b HU-T |
| 100 | 1 | |a Hutchinson, Tom. | |
| 245 | 0 | 0 | |a Project video 1 : |b activity book / |c written and presented by Tom Hutchinson. |
| 260 | |a Oxford : |b Oxford University Press, |c 1989. | ||
| 300 | |a 78 p. ; |c 27.5cm. | ||
| 520 | 3 | |a Communication. My world. An English city. Time. People at work. Animals. Health. Space. | |
| 630 | 0 | 4 | |a English language. |
| 650 | 0 | 4 | |a English language |x Study and teaching (Elementary) |
| OWN | |a DUT | ||
| 999 | |a From the UDN01 | ||
| TYP | |a Monograph | ||
| TYP | |a Printed language | ||
| 980 | |a Mạng thư viện Đại học Đà Nẵng | ||


